000 00576nam a2200181Ia 4500
003 GCL
005 20240530105125.0
008 140319s9999 xx 000 0 ara d
040 _aGCL /
_cGCL
082 0 4 _a415.1
_bص ن
100 1 _aصابر بكر ابوالسعود
245 1 0 _aالنحو العربى :
_bدراسة نصية /
_cصابر بكر ابوالسعود
260 _a القاهرة] :
_bدار الثقافة للنشر والتوزيع ،
_c1987
300 _a187 ص
650 0 4 _aالنحو
650 0 4 _aاللغة العربية
942 _2ddc
_cBK
999 _c53352
_d53352